000 00679nam a2200205Ia 4500
003 GCL
008 140319s9999 xx 000 0 ara d
040 _aGCL /
_cGCL
082 0 4 _aق
_b309.162
_bن ح
100 1 _aنخبة من زعماء الرأى والثقافة ف
245 1 0 _aحضارة مصر الحديثة /
_cنخبة من زعماء الرأى والثقافة ف
260 _a[S.N] :
_bقسم الخدمة العامة بالجامعة الامريكية ،
_c1933
300 _a200 ص
490 _a
650 0 4 _aالعصر الحديث
650 0 4 _aمصر
650 0 4 _aتاريخ
650 0 4 _aالاحوال الاجتماعية
942 _2ddc
_cBK
999 _c58506
_d58506